L'histoire du Spahi : (Record no. 42000)

MARC details
000 -LEADER
fixed length control field 01046cpcaa2200277 a 4500
001 - CONTROL NUMBER
control field mm 79005758
003 - CONTROL NUMBER IDENTIFIER
control field DLC
005 - DATE AND TIME OF LATEST TRANSACTION
control field 20260227111652.0
008 - FIXED-LENGTH DATA ELEMENTS--GENERAL INFORMATION
fixed length control field 790802|||||||||||| fre
010 ## - LIBRARY OF CONGRESS CONTROL NUMBER
LC control number mm 79005758
040 ## - CATALOGING SOURCE
Original cataloging agency DLC
Transcribing agency DLC
Description conventions dacs
Modifying agency DLC
072 #7 - SUBJECT CATEGORY CODE
Subject category code L
Source lcmd
100 1# - MAIN ENTRY--PERSONAL NAME
Personal name Loti, Pierre,
Dates associated with a name 1850-1923.
245 00 - TITLE STATEMENT
Title L'histoire du Spahi :
Form literary manuscript,
Inclusive dates circa 1873-1874.
300 ## - PHYSICAL DESCRIPTION
Extent 1
Type of unit volume (39 pages).
506 0# - RESTRICTIONS ON ACCESS NOTE
Terms governing access Open to research.
520 8# - SUMMARY, ETC.
Summary, etc. Facsimile of a literary manuscript entitled, "L'Histoire du Spahi" (The Story of the Turkish Cavalier).
545 0# - BIOGRAPHICAL OR HISTORICAL DATA
Biographical or historical data French author and naval officer. Real name: Julien Viaud.
546 ## - LANGUAGE NOTE
Language note Collection material in French.
580 ## - LINKING ENTRY COMPLEXITY NOTE
Linking entry complexity note Forms part of: Miscellaneous Manuscripts collection.
650 #0 - SUBJECT ADDED ENTRY--TOPICAL TERM
Topical term or geographic name entry element French literature.
656 #7 - INDEX TERM--OCCUPATION
Occupation Authors.
Source of term itoamc
656 #7 - INDEX TERM--OCCUPATION
Occupation Naval officers, French.
Source of term itoamc

No items available.

Powered by Koha